00899nam a22002417a 45000050016000000100015000160200026000310350013000570370013000700820014000831000026000972450114001232600028002372700058002653000024003235000050003476500024003976500026004216500026004479420028004739990017005019520139005182010081305475.0 aENG-100248 a9788189884437c595.00 aEN-83780 bDBAD/PUB a305.48697 aSarkar, Madhua912878 aVisible histories disappearing women :bproducing muslim womanhood in late colonial Bengal /cby Madua Sarkar aNew DelhibZubaanc2008 aK-92, 1st Floor, Hauz Khas EnclavebNew Delhie110016 axi,338p.c23cm (Hb) aIncludes bibliographical references and index aMuslim Women912879 aSocial History912880 aWomen in Islam912881 2ddccENh305.48697mSAR c41713d41713 001040718NFICaDBADbDBADd2010-08-13eDBAD/PUBg595.00l0o305.48697 SARpEN-83780r2010-08-13 00:00:00t1v595.00w2010-08-13yEN